000 01034 a2200169 4500
003 Nust
005 20221124104117.0
040 _cNust
082 _a519.4,VED
100 _aVedamurthy, V.N.
_9103471
245 _aNumerical Methods /
_cV.N.Vedamurthy, N. Ch. S. N. Iyengar
260 _aNew York,
_bN.Y. : Wiley
_cc1985.
300 _a12.47 p
505 _aEmpirical Laws and Curve Fitting (Page -1.1), Theory of Equations (Page-2.1), Solution to Numerical , Algebraic and Transcendental Equations (Page-3.1), Simulataneous Linear Algebraic Equations (Page-4.1), Finite Differences (Page-5.1), Interpolation With Equal Intervals (Page-6.1), Central Difference Interpolation Formulae (Page-7.1) Interpolation with Unequal Intervals (Page-8.1), Numerical Differentiation and Integration (Page-9.1), Difference Equaions (10.1), Numerical Solution to Ordinary Differential Equations (Page-11.1), Numerical Solution to Partial Differential Equations (Page-11.1).
650 _aNumerical Methods
_956168
942 _2ddc
_cBK
_k519.4,VED
999 _c212445
_d212445